| Tag |
First Indicator |
Second Indicator |
Subfields |
| LEADER |
00000pam a2200000 a 4500 |
| 001 |
in00000087815 |
| 005 |
20151008063022.0 |
| 008 |
750310s19754 nyua j 00000 engm |
| 010 |
|
|
|a 75008509
|
| 020 |
|
|
|a 0688800033
|
| 020 |
|
|
|a 0688840035 (lib. bdg.)
|
| 035 |
|
|
|a (OCoLC)01256978
|
| 035 |
|
|
|9 AAK1409AM
|
| 040 |
|
|
|a DLC
|c DLC
|d m.c.
|d TXA
|d UtOrBLW
|
| 049 |
|
|
|a [Curr Col] TXAM
|c [1362543]
|
| 050 |
0 |
0 |
|a PZ8.3
|b D597
|
| 082 |
0 |
|
|a 783.6/5/09438
|
| 245 |
0 |
0 |
|a Din dan don, it's Christmas /
|c pictures by Janina Domanska.
|
| 264 |
|
1 |
|a New York :
|b Greenwillow Books,
|c [1975]
|
| 264 |
|
4 |
|c ©1975
|
| 300 |
|
|
|a 34 unnumbered pages :
|b color illustrations ;
|c 24 x 27 cm.
|
| 336 |
|
|
|a text
|b txt
|2 rdacontent
|
| 337 |
|
|
|a unmediated
|b n
|2 rdamedia
|
| 338 |
|
|
|a volume
|b nc
|2 rdacarrier
|
| 500 |
|
|
|a Text is a rendition of an anonymous Polish Christmas carol.
|
| 520 |
|
|
|a A procession of birds and people wend their way to the Christ Child's creche.
|
| 650 |
|
1 |
|a Carols, Polish.
|
| 650 |
|
1 |
|a Christmas music.
|
| 700 |
1 |
|
|a Domanska, Janina.
|
| 999 |
|
|
|a MARS
|
| 999 |
f |
f |
|s acbe2af1-91e5-31fe-98c0-cda1900bd2bb
|i 40d83ab8-bb85-3e2a-ad23-7a8155c1c697
|t 0
|
| 952 |
f |
f |
|p normal
|a Texas A&M University
|b College Station
|c Sterling C. Evans Library
|d Evans: Curriculum Collection (4th floor)
|t 0
|e PZ8.3 D597
|h Library of Congress classification
|i unmediated -- volume
|m A14805975037
|
| 998 |
f |
f |
|a PZ8.3 D597
|t 0
|l Evans: Curriculum Collection (4th floor)
|